| 000 | 01062cam a2200325 i 4500 | ||
|---|---|---|---|
| 001 | 2736087 | ||
| 003 | OSt | ||
| 005 | 20251211131050.0 | ||
| 008 | 780221s1978 pau b 001 0 eng | ||
| 010 | _a 78002587 | ||
| 020 | _a0664213642 | ||
| 020 | _a9780664213640 | ||
| 035 | _a2736087 | ||
| 040 |
_aDLC _cDLC _dDLC |
||
| 050 | 0 | 0 |
_aBS2615.3 _b.B3 1978 |
| 082 | 0 | 0 | _a226/.5/077 |
| 100 | 1 |
_aBarrett, C. K. _q(Charles Kingsley), _d1917- |
|
| 245 | 1 | 4 |
_aThe Gospel according to St. John : _ban introduction with commentary and notes on the Greek text / _cC. K. Barrett. |
| 250 | _a2d ed. | ||
| 260 |
_aPhiladelphia : _bWestminster Press, _c1978. |
||
| 300 |
_axv, 638 p. ; _c24 cm. |
||
| 336 |
_atext _btxt _2rdacontent |
||
| 337 |
_aunmediated _bn _2rdamedia |
||
| 338 |
_avolume _bnc _2rdacarrier |
||
| 504 | _aIncludes bibliographical references and indexes. | ||
| 630 | 0 | 0 |
_aBible. _pJohn _xCommentaries. |
| 906 |
_a7 _bcbc _corignew _d1 _eocip _f19 _gy-gencatlg |
||
| 942 |
_2lcc _cBK |
||
| 999 |
_c21025 _d21024 |
||